Papers (Record no. 180244)

MARC details
000 -LEADER
fixed length control field 00724nam a2200253Ia 4500
003 - CONTROL NUMBER IDENTIFIER
control field OSt
005 - DATE AND TIME OF LATEST TRANSACTION
control field 20220918185324.0
008 - FIXED-LENGTH DATA ELEMENTS--GENERAL INFORMATION
fixed length control field 220917b |||||||| |||| 00| 0 eng d
037 ## - SOURCE OF ACQUISITION
Terms of availability Textual
040 ## - CATALOGING SOURCE
Original cataloging agency ARTS
Transcribing agency ARTS
Language of cataloging eng
041 ## - LANGUAGE CODE
Source of code eng
Language code of text/sound track or separate title eng
110 ## - MAIN ENTRY--CORPORATE NAME
Corporate name or jurisdiction name as entry element Seminar on Inadian English
9 (RLIN) 68675
245 #0 - TITLE STATEMENT
Title Papers
Remainder of title Indian writing in English ed by Ramesh Mohan
260 ## - PUBLICATION, DISTRIBUTION, ETC.
Place of publication, distribution, etc. Bombay
Name of publisher, distributor, etc. Orient Longman
Date of publication, distribution, etc. 1978
300 ## - PHYSICAL DESCRIPTION
Extent xviii, 260p.
Dimensions cm.
650 ## - SUBJECT ADDED ENTRY--TOPICAL TERM
Topical term or geographic name entry element LINGUISTICS
700 ## - ADDED ENTRY--PERSONAL NAME
Personal name Seminar on Inadian English
9 (RLIN) 68676
942 ## - ADDED ENTRY ELEMENTS (KOHA)
Classification part P111944p2,N72, L8-;1
Koha item type Textual
Source of classification or shelving scheme Colon Classification (CC)
Holdings
Withdrawn status Lost status Damaged status Not for loan Home library Current library Date acquired Total Checkouts Full call number Barcode Date last seen Price effective from Koha item type
        Arts Library Arts Library 2022-09-18   P111944p2,N72 L8-;1 AL0693700 2022-09-18 2022-09-18 Textual
Copyright @ Delhi University Library System